Ekonometrický odhad parametrov produkčnej funkcie modelu všeobecnej ekonomickej rovnováhy

Ekonometrický odhad parametrov modelu všeobecnej ekonomickej rovnováhy, zameraný na odhad parametrov produkčnej funkcie v modeli uzavretej ekonomiky Slovenskej republiky.

Gespeichert in:
Bibliographische Detailangaben
1. Verfasser: Miťková, Veronika
Format: Buchkapitel
Sprache:Slowakisch
Schlagworte:
Tags: Tag hinzufügen
Keine Tags, Fügen Sie das erste Tag hinzu!

MARC

LEADER 00000nla a2200000 4500
001 0204210
005 20240417075058.1
041 0 |a slo 
044 |a SK 
245 1 0 |a Ekonometrický odhad parametrov produkčnej funkcie modelu všeobecnej ekonomickej rovnováhy  |c Veronika Miťková 
520 |a Ekonometrický odhad parametrov modelu všeobecnej ekonomickej rovnováhy, zameraný na odhad parametrov produkčnej funkcie v modeli uzavretej ekonomiky Slovenskej republiky. 
610 2 0 |a ekonometria 
610 2 0 |a metódy ekonometrické 
610 2 0 |a funkcie produkčné ekonometrické 
610 2 0 |a modely ekonometrické 
610 2 0 |a rovnováha hospodárska 
100 1 |a Miťková, Veronika